000 00586nam a2200229Ia 4500
003 OSt
005 20220928143442.0
006 a|||||r|||| 00| 0
007 ta
008 220927b |||||||| |||| 00| 0 eng d
024 _a22172
037 _cTextual
040 _aSDCL
_cSDCL
_beng
041 _2eng
_aeng
082 _aO15,1D40,3, L5
100 _aRaghava Rangaye
_9505464
245 0 _aMeghdoot.
260 _c1975
700 _a Tyagi Ramavtaar
_9505465
942 _hO15,1D40,3, L5
_cTEXL
_2CC
999 _c824182
_d824182